000 00813nam a2200205 a 4500
005 20140412111244.0
008 001110s19uu xx 00 eng d
020 _a0-916392-43-0
050 _aREF 303.3
_bJ63 1979
100 _aJohnson, Spencer
245 _aThe Value of fantasy :
_bthe story of Hans Christian /
_cSpencer Johnson ; illustrated by Steve Pileggi.
260 _aLa Jolla, CA :
_bValue Comm., Inc Pub,
_c1979.
300 _a63 p. ; col. ; ill.
440 _aA Value Tale Series
520 _aA brief biography of the 19th-century Danish author of many well-known fairy talesm which stresses the value of personal fantasies and imagination.
650 _aAndersen, Hans Christian, 1805-1875
650 _aAuthor, Danish--19th century--Biography
650 _aImaginations
999 _c102858
_d102858